<?xml version="1.0" encoding="UTF-8"?><?xml-stylesheet type="text/xsl" href="static/style.xsl"?><OAI-PMH xmlns="http://www.openarchives.org/OAI/2.0/" xmlns:xsi="http://www.w3.org/2001/XMLSchema-instance" xsi:schemaLocation="http://www.openarchives.org/OAI/2.0/ http://www.openarchives.org/OAI/2.0/OAI-PMH.xsd"><responseDate>2026-04-27T03:43:14Z</responseDate><request verb="GetRecord" identifier="oai:repisalud.isciii.es:20.500.12105/15828" metadataPrefix="marc">https://repisalud.isciii.es/rest/oai/request</request><GetRecord><record><header><identifier>oai:repisalud.isciii.es:20.500.12105/15828</identifier><datestamp>2024-09-27T16:15:33Z</datestamp><setSpec>com_20.500.12105_2052</setSpec><setSpec>com_20.500.12105_2051</setSpec><setSpec>col_20.500.12105_19608</setSpec></header><metadata><record xmlns="http://www.loc.gov/MARC21/slim" xmlns:dcterms="http://purl.org/dc/terms/" xmlns:doc="http://www.lyncode.com/xoai" xmlns:xsi="http://www.w3.org/2001/XMLSchema-instance" xsi:schemaLocation="http://www.loc.gov/MARC21/slim http://www.loc.gov/standards/marcxml/schema/MARC21slim.xsd">
   <leader>00925njm 22002777a 4500</leader>
   <datafield ind2=" " ind1=" " tag="042">
      <subfield code="a">dc</subfield>
   </datafield>
   <datafield ind2=" " ind1=" " tag="720">
      <subfield code="a">Estevez-Reboredo, Rosa Maria</subfield>
      <subfield code="e">author</subfield>
   </datafield>
   <datafield ind2=" " ind1=" " tag="720">
      <subfield code="a">Sánchez de Lollano Prieto, Joaquín</subfield>
      <subfield code="e">author</subfield>
   </datafield>
   <datafield ind2=" " ind1=" " tag="260">
      <subfield code="c">2022-08</subfield>
   </datafield>
   <datafield ind2=" " ind1=" " tag="520">
      <subfield code="a">[ES] Entre los diversos factores que han influido en la industrialización ganadera en el siglo XX, la implicación de las sustancias que fomentan el engorde y crecimiento animal (promotores) ha sido abordada solo de manera tangencial. El papel que jugaron estas sustancias en la transformación pecuaria española ha sido la pregunta guía de este trabajo. Contrastando fuentes veterinarias, ganaderas, publicaciones especializadas y datos de la administración se ha analizado cómo fue el proceso de penetración en el mercado, el uso de los principales promotores y las repercusiones de su utilización en la política comercial global y en los diferentes acuerdos mercantiles. La incursión de una variada gama de estas sustancias desde mitad del siglo XX alcanza su cénit en los años setenta y ochenta del pasado siglo. La compleja asociación entre los efectos sobre la salud pública y sus repercusiones en la política comercial entre países llevaron a su prohibición y al establecimiento de medidas proteccionistas agroalimentarias en la Unión Europea. Este análisis muestra cómo estos productos fueron un factor de importancia en el impulso de la ganadería industrial, pero su uso abusivo y los excedentes alimentarios generados han sumado argumentos a la tendencia más crítica que conduce a la revisión del modelo ganadero intensivo. [EN] Among the factors that have influenced livestock industrialization in the 20th century, the implications of substances that promote fattening and animal growth (growth promoters) have not been thoroughly addressed. Their role in the transformation of Spanish farming is the key question of this article. A wide range of these substances became available in the mid-twentieth century and use peaked in the 1970s and 1980s. We compared veterinary, livestock, and specialized sources to analyze market penetration and use of the main growth promoters as well as the consequences on global trade policies and agreements. Complex links between public health effects and impacts on trade policies led to their prohibition as protectionist agri-food measures were introduced in the European Union. This analysis reveals how growth promoters played an important role in promoting industrial livestock, but their misuse and the food surpluses they have generated add weight to the trend that calls for critique and revision of the intensive production model.</subfield>
   </datafield>
   <datafield ind1="8" ind2=" " tag="024">
      <subfield code="a">Historia Agraria. 2022, 87:161-189.</subfield>
   </datafield>
   <datafield ind1="8" ind2=" " tag="024">
      <subfield code="a">1139-1472</subfield>
   </datafield>
   <datafield ind1="8" ind2=" " tag="024">
      <subfield code="a">http://hdl.handle.net/20.500.12105/15828</subfield>
   </datafield>
   <datafield ind1="8" ind2=" " tag="024">
      <subfield code="a">10.26882/histagrar.087e08e</subfield>
   </datafield>
   <datafield ind1="8" ind2=" " tag="024">
      <subfield code="a">2340-3659</subfield>
   </datafield>
   <datafield ind1="8" ind2=" " tag="024">
      <subfield code="a">Historia Agraria Revista de agricultura e historia rural</subfield>
   </datafield>
   <datafield tag="653" ind2=" " ind1=" ">
      <subfield code="a">Promotores de crecimiento</subfield>
   </datafield>
   <datafield tag="653" ind2=" " ind1=" ">
      <subfield code="a">Engorde animal</subfield>
   </datafield>
   <datafield tag="653" ind2=" " ind1=" ">
      <subfield code="a">Comercio agroalimentario</subfield>
   </datafield>
   <datafield tag="653" ind2=" " ind1=" ">
      <subfield code="a">Proteccion</subfield>
   </datafield>
   <datafield tag="653" ind2=" " ind1=" ">
      <subfield code="a">Growth promoters</subfield>
   </datafield>
   <datafield tag="653" ind2=" " ind1=" ">
      <subfield code="a">Livestock fattening</subfield>
   </datafield>
   <datafield tag="653" ind2=" " ind1=" ">
      <subfield code="a">Agri-food trade</subfield>
   </datafield>
   <datafield tag="653" ind2=" " ind1=" ">
      <subfield code="a">Protectionism</subfield>
   </datafield>
   <datafield ind2="0" ind1="0" tag="245">
      <subfield code="a">El engorde del ganado español en el siglo XX: Los modificadores metabólicos, cara y cruz de una panacea</subfield>
   </datafield>
</record></metadata></record></GetRecord></OAI-PMH>